书目信息 |
| 题名: |
热电池
|
|
| 作者: | 陆瑞生 , 刘效疆 编著 | |
| 分册: | ||
| 出版信息: | 北京 国防工业出版社 2005 |
|
| 页数: | 26,361页 | |
| 开本: | 20cm | |
| 丛书名: | 中国工程物理研究院科技丛书 | |
| 单 册: | ||
| 中图分类: | TM915 | |
| 科图分类: | ||
| 主题词: | 热电池 | |
| 电子资源: | ||
| ISBN: | 7-118-03740-0 | |
| 000 | 00911oam2 2200277 450 | |
| 001 | 003019321 | |
| 005 | 20061104094816.12 | |
| 010 | @a7-118-03740-0@b精装@dCNY38.00 | |
| 100 | @a20051101d2005 em y0chiy0110 ea | |
| 101 | 0 | @achi@eeng |
| 102 | @aCN@b110000 | |
| 105 | @aa z 000yy | |
| 200 | 1 | @a热电池@9re dian chi@dThermal batteries@f陆瑞生,刘效疆编著@zeng |
| 210 | @a北京@c国防工业出版社@d2005 | |
| 215 | @a26,361页@c图@d20cm | |
| 225 | 2 | @a中国工程物理研究院科技丛书@v046 |
| 300 | @a国防科技图书出版基金资助出版 | |
| 330 | @a全书共分五章:熔盐电化学基础理论;热电池概述;钙系热电池;锂系热电池;其他热电池。 | |
| 461 | 0 | @12001 @a中国工程物理研究院科技丛书 |
| 510 | 1 | @aThermal Batteries@zeng |
| 606 | 0 | @a热电池 |
| 690 | @aTM915@v4 | |
| 701 | 0 | @a陆瑞生@9lu rui sheng@f(1940~)@4编著 |
| 701 | 0 | @a刘效疆@9liu xiao jiang@4编著 |
| 801 | 0 | @aCN@bNLC@c20061104 |
| 905 | @a10447@dTM915@e101 | |
| 热电池=Thermal batteries/陆瑞生,刘效疆编著.-北京:国防工业出版社,2005 |
| 26,361页:图;20cm.-(中国工程物理研究院科技丛书;046) |
| 国防科技图书出版基金资助出版 |
| ISBN 7-118-03740-0(精装):CNY38.00 |
| 全书共分五章:熔盐电化学基础理论;热电池概述;钙系热电池;锂系热电池;其他热电池。 |
| ● |
| 相关链接 |
|
|
|
|
正题名:热电池
索取号:TM915/101
 
预约/预借
| 序号 | 登录号 | 条形码 | 馆藏地/架位号 | 状态 | 备注 |
| 1 | 0380697 | 203806970 | 第二样本阅览室/ [索取号:TM915/101] | 在馆 | |
| 2 | 0380698 | 203806989 | 第三借阅区/ [索取号:TM915/101] | 在馆 | |
| 3 | 0380699 | 203806998 | 第三借阅区/ [索取号:TM915/101] | 在馆 | |
| 4 | 0380700 | 203807005 | 第三借阅区/ [索取号:TM915/101] | 在馆 | |
| 5 | 0380701 | 203807014 | 第三借阅区/ [索取号:TM915/101] | 在馆 |